000 00315nam a22001457a 4500
008 210528b ||||| |||| 00| 0 eng d
020 _a9780138508845
041 _aeng
080 _23rd
_a510
082 _a510
100 _a38
101 _aMAT
245 _aIntermediate Algebra
_cJohn Tobey
942 _2udc
_cBK
999 _c57776
_d57776